<?xml version="1.0" encoding="UTF-8"?>
<record
    xmlns:xsi="http://www.w3.org/2001/XMLSchema-instance"
    xsi:schemaLocation="http://www.loc.gov/MARC21/slim http://www.loc.gov/standards/marcxml/schema/MARC21slim.xsd"
    xmlns="http://www.loc.gov/MARC21/slim">

  <leader>00762nam a22001577a 4500</leader>
  <controlfield tag="003">OSt</controlfield>
  <controlfield tag="005">20151104105116.0</controlfield>
  <controlfield tag="008">151104b        xxu||||| |||| 00| 0 eng d</controlfield>
  <datafield tag="040" ind1=" " ind2=" ">
    <subfield code="c">RUA</subfield>
  </datafield>
  <datafield tag="082" ind1=" " ind2=" ">
    <subfield code="a">FOR PRA 1997 B124 Or.1</subfield>
  </datafield>
  <datafield tag="100" ind1=" " ind2=" ">
    <subfield code="9">3329</subfield>
    <subfield code="a">PRACK, CHAMNAN.</subfield>
  </datafield>
  <datafield tag="245" ind1=" " ind2=" ">
    <subfield code="a">studying about the percentage and effective economics of processing log to veneer in long day and king wood factories (&#x179F;&#x17B7;&#x1780;&#x17D2;&#x179F;&#x17B6;&#x1796;&#x17B8;&#x17A2;&#x178F;&#x17D2;&#x179A;&#x17B6; &#x1793;&#x17B7;&#x1784; &#x179B;&#x1791;&#x17D2;&#x1792;&#x1797;&#x17B6;&#x1796;&#x179F;&#x17C1;&#x178A;&#x17D2;&#x1781;&#x1780;&#x17B7;&#x1785;&#x17D2;&#x1785;&#x1793;&#x17C3;&#x1780;&#x17B6;&#x179A;&#x1780;&#x17C2;&#x1785;&#x17D2;&#x1793;&#x17C3;&#x1788;&#x17BE;&#x1798;&#x17BC;&#x179B;&#x1787;&#x17B6;&#x1788;&#x17BE;&#x1785;&#x17C6;&#x178E;&#x17B7;&#x178F;&#x179F;&#x17D2;&#x178F;&#x17BE;&#x1784; (veneer) &#x1793;&#x17C5;&#x179A;&#x17C4;&#x1784;&#x1785;&#x1780;&#x17D2;&#x179A; long day &#x1793;&#x17B7;&#x1784; &#x179A;&#x17C4;&#x1784;&#x1785;&#x1780;&#x17D2;&#x179A; king wood )</subfield>
  </datafield>
  <datafield tag="260" ind1=" " ind2=" ">
    <subfield code="a">Phnom Penh</subfield>
    <subfield code="b">RUA</subfield>
    <subfield code="c">1997</subfield>
  </datafield>
  <datafield tag="300" ind1=" " ind2=" ">
    <subfield code="a">40p.</subfield>
    <subfield code="b">ill.</subfield>
    <subfield code="c">29cm.</subfield>
  </datafield>
  <datafield tag="942" ind1=" " ind2=" ">
    <subfield code="2">ddc</subfield>
    <subfield code="c">FOR</subfield>
  </datafield>
  <datafield tag="999" ind1=" " ind2=" ">
    <subfield code="c">3105</subfield>
    <subfield code="d">3105</subfield>
  </datafield>
  <datafield tag="952" ind1=" " ind2=" ">
    <subfield code="0">0</subfield>
    <subfield code="1">0</subfield>
    <subfield code="2">ddc</subfield>
    <subfield code="4">0</subfield>
    <subfield code="6">FOR_PRA_1997_000000000000000_B124_OR_1</subfield>
    <subfield code="7">0</subfield>
    <subfield code="9">14669</subfield>
    <subfield code="a">LBB</subfield>
    <subfield code="b">LBB</subfield>
    <subfield code="c">B124</subfield>
    <subfield code="d">2015-11-04</subfield>
    <subfield code="o">FOR PRA 1997 B124 Or.1</subfield>
    <subfield code="p">RUA010831</subfield>
    <subfield code="r">2015-11-04</subfield>
    <subfield code="w">2015-11-04</subfield>
    <subfield code="y">FOR</subfield>
  </datafield>
  <datafield tag="952" ind1=" " ind2=" ">
    <subfield code="0">0</subfield>
    <subfield code="1">0</subfield>
    <subfield code="2">ddc</subfield>
    <subfield code="4">0</subfield>
    <subfield code="6">FOR_PRA_1997_000000000000000_B124_OR_2</subfield>
    <subfield code="7">0</subfield>
    <subfield code="9">14670</subfield>
    <subfield code="a">LBB</subfield>
    <subfield code="b">LBB</subfield>
    <subfield code="c">B124</subfield>
    <subfield code="d">2015-11-04</subfield>
    <subfield code="o">FOR PRA 1997 B124 Or.2</subfield>
    <subfield code="p">RUA010903</subfield>
    <subfield code="r">2015-11-04</subfield>
    <subfield code="w">2015-11-04</subfield>
    <subfield code="y">FOR</subfield>
  </datafield>
  <datafield tag="952" ind1=" " ind2=" ">
    <subfield code="0">0</subfield>
    <subfield code="1">0</subfield>
    <subfield code="2">ddc</subfield>
    <subfield code="4">0</subfield>
    <subfield code="6">FOR_PRA_1997_000000000000000_B124_OR_3</subfield>
    <subfield code="7">0</subfield>
    <subfield code="9">14671</subfield>
    <subfield code="a">LBB</subfield>
    <subfield code="b">LBB</subfield>
    <subfield code="c">B124</subfield>
    <subfield code="d">2015-11-04</subfield>
    <subfield code="l">1</subfield>
    <subfield code="o">FOR PRA 1997 B124 Or.3</subfield>
    <subfield code="p">RUA010844</subfield>
    <subfield code="r">2019-03-15</subfield>
    <subfield code="s">2019-02-27</subfield>
    <subfield code="w">2015-11-04</subfield>
    <subfield code="y">FOR</subfield>
  </datafield>
  <datafield tag="952" ind1=" " ind2=" ">
    <subfield code="0">0</subfield>
    <subfield code="1">0</subfield>
    <subfield code="2">ddc</subfield>
    <subfield code="4">0</subfield>
    <subfield code="6">FOR_PRA_1997_000000000000000_B124_OR_4</subfield>
    <subfield code="7">0</subfield>
    <subfield code="9">14672</subfield>
    <subfield code="a">LBB</subfield>
    <subfield code="b">LBB</subfield>
    <subfield code="c">B124</subfield>
    <subfield code="d">2015-11-04</subfield>
    <subfield code="o">FOR PRA 1997 B124 Or.4</subfield>
    <subfield code="p">RUA010776</subfield>
    <subfield code="r">2015-11-04</subfield>
    <subfield code="w">2015-11-04</subfield>
    <subfield code="y">FOR</subfield>
  </datafield>
  <datafield tag="952" ind1=" " ind2=" ">
    <subfield code="0">0</subfield>
    <subfield code="1">0</subfield>
    <subfield code="2">ddc</subfield>
    <subfield code="4">0</subfield>
    <subfield code="6">FOR_PRA_1997_000000000000000_B124_OR_5</subfield>
    <subfield code="7">0</subfield>
    <subfield code="9">14673</subfield>
    <subfield code="a">LBB</subfield>
    <subfield code="b">LBB</subfield>
    <subfield code="c">B124</subfield>
    <subfield code="d">2015-11-04</subfield>
    <subfield code="o">FOR PRA 1997 B124 Or.5</subfield>
    <subfield code="p">RUA010772</subfield>
    <subfield code="r">2015-11-04</subfield>
    <subfield code="w">2015-11-04</subfield>
    <subfield code="y">FOR</subfield>
  </datafield>
</record>
